[Event "DEN-chT 2324 61st"]
[Site "Denmark"]
[Date "2023.12.10"]
[Round "4.2"]
[White "Smith, Axel"]
[Black "Sylvan, Jacob"]
[Result "1/2-1/2"]
[WhiteElo "2412"]
[BlackElo "2296"]
[PlyCount "67"]
[EventDate "2023.10.28"]
[EventType "team-tourn"]
[EventRounds "9"]
[EventCountry "DEN"]
[SourceTitle "CB11_2024"]
[SourceDate "2024.03.13"]
[SourceVersion "1"]
[SourceVersionDate "2024.03.13"]
[SourceQuality "1"]
[WhiteTeam "Koge"]
[BlackTeam "Nordkalotten"]
[WhiteTeamCountry "DEN"]
[BlackTeamCountry "DEN"]

1. c4 e5 2. Nc3 Nf6 3. Nf3 Nc6 4. d4 exd4 5. Nxd4 Bb4 6. g3 0-0 7. Bg2 Re8 8. 0-0 Ne5 9. Qc2 a5 10. Bg5 Be7 11. Rad1 h6 12. Bf4 Bc5 13. Nb3 Bf8 14. e4 d6 15. Bxe5 Rxe5 16. f4 Re8 17. e5 a4 18. Nc1 Nd7 19. exd6 cxd6 20. Nxa4 Nf6 21. Nc3 Ng4 22. Nd5 Be6 23. h3 Bxd5 24. hxg4 Bxg2 25. Kxg2 Qc8 26. Rd5 Qxg4 27. Qf5 Qxf5 28. Rxf5 Re4 29. b3 Rd4 30. Rb5 Rd2+ 31. Rf2 Rd1 32. Rf1 Rd2+ 33. Rf2 Rd1 34. Rf1 1/2-1/2

[Event "DEN-chT 2324 61st"]
[Site "Denmark"]
[Date "2023.11.26"]
[Round "3.2"]
[White "Haubro, Martin"]
[Black "Smith, Axel"]
[Result "1/2-1/2"]
[WhiteElo "2405"]
[BlackElo "2412"]
[PlyCount "69"]
[EventDate "2023.10.28"]
[EventType "team-tourn"]
[EventRounds "9"]
[EventCountry "DEN"]
[SourceTitle "CB11_2024"]
[SourceDate "2024.03.13"]
[SourceVersion "1"]
[SourceVersionDate "2024.03.13"]
[SourceQuality "1"]
[WhiteTeam "BMS"]
[BlackTeam "Koge"]
[WhiteTeamCountry "DEN"]
[BlackTeamCountry "DEN"]

1. e4 c5 2. Nf3 e6 3. d4 cxd4 4. Nxd4 a6 5. Bd3 g6 6. Nc3 Bg7 7. Be3 Ne7 8. 0-0 0-0 9. f4 Nbc6 10. Nxc6 Nxc6 11. Be2 d5 12. exd5 exd5 13. Nxd5 Bxb2 14. Bf3 Be6 15. Rb1 Bxd5 16. Qxd5 Qf6 17. f5 Rad8 18. Qb3 Bd4 19. fxg6 hxg6 20. Bxc6 Bxe3+ 21. Qxe3 Qxc6 22. Rb6 Qxc2 23. Rxb7 Qxa2 24. h4 Rd2 25. Qg5 Rd5 26. Qf6 Rd2 27. Qg5 Qd5 28. Qxd5 Rxd5 29. Ra7 a5 30. Rf4 Kg7 31. Ra4 Rh8 32. Rf4 Rf5 33. Rxf5 gxf5 34. Rxa5 Rxh4 35. Rxf5 1/2-1/2

[Event "SWE-ch"]
[Site "Uppsala"]
[Date "2022.07.10"]
[Round "9"]
[White "Smith, Axel"]
[Black "Cramling, Pia"]
[Result "1/2-1/2"]
[WhiteElo "2417"]
[BlackElo "2459"]
[PlyCount "89"]
[EventDate "2022.07.02"]
[EventType "tourn"]
[EventRounds "9"]
[EventCountry "SWE"]
[EventCategory "9"]
[SourceTitle "CBM 209 Extra"]
[Source "ChessBase"]
[SourceDate "2022.09.30"]
[SourceVersion "1"]
[SourceVersionDate "2022.09.30"]
[SourceQuality "1"]

1. c4 c5 2. Nf3 Nc6 3. d4 cxd4 4. Nxd4 Nf6 5. Nc3 e6 6. Bf4 d6 7. Nxc6 bxc6 8. e4 e5 9. Be3 Be7 10. Be2 0-0 11. 0-0 Be6 12. b4 a6 13. a4 d5 14. cxd5 cxd5 15. exd5 Nxd5 16. Nxd5 Qxd5 17. Qxd5 Bxd5 18. Rfd1 Bb3 19. Rdb1 Bd5 20. a5 f5 21. b5 f4 22. Bb6 axb5 23. Bxb5 Rf6 24. Bf1 Kf7 25. a6 Rc6 26. Ba5 Bc5 27. Rb7+ Kf6 28. Bb5 Rd6 29. Rc1 Rdxa6 30. Rxc5 Bxb7 31. Bxa6 Rxa6 32. Bc3 Re6 33. f3 h6 34. h4 g6 35. Kf2 Kf5 36. Bb2 Re7 37. Bc3 g5 38. hxg5 hxg5 39. g3 g4 40. gxf4 Kxf4 41. Bxe5+ Rxe5 42. Rxe5 g3+ 43. Kg2 Bxf3+ 44. Kh3 Kxe5 45. Kxg3 1/2-1/2

[Event "Malmo op"]
[Site "Malmo"]
[Date "2021.12.17"]
[Round "3"]
[White "Ottenklev, Niclas"]
[Black "Smith, Axel"]
[Result "0-1"]
[WhiteElo "2201"]
[BlackElo "2430"]
[PlyCount "66"]
[EventDate "2021.12.17"]
[EventType "swiss"]
[EventRounds "8"]
[EventCountry "SWE"]
[SourceTitle "CBM 205 Extra"]
[Source "ChessBase"]
[SourceDate "2022.01.31"]
[SourceVersion "1"]
[SourceVersionDate "2022.01.31"]
[SourceQuality "1"]

1. e4 c5 2. Nf3 e6 3. Qe2 Nc6 4. c3 Nf6 5. g3 Be7 6. Bg2 0-0 7. 0-0 e5 8. Na3 Re8 9. Nc2 h6 10. h3 Bf8 11. d3 d5 12. exd5 Nxd5 13. Ne3 Nxe3 14. Bxe3 Bf5 15. Rfd1 Qd7 16. Kh2 Rad8 17. Ne1 Nd4 18. Qd2 Ne6 19. Be4 Bxh3 20. Kxh3 Ng5+ 21. Kg2 Qh3+ 22. Kg1 Nxe4 23. Qe2 Nf6 24. Qf3 Rd7 25. a4 Red8 26. a5 Qe6 27. Kg2 Nd5 28. Rd2 f5 29. Re2 g5 30. Ra4 Nf6 31. Bc1 g4 32. Qe3 Qc6+ 33. Kg1 Qxa4 0-1

[Event "SWE-ch blitz"]
[Site "Helsingborg"]
[Date "2021.11.14"]
[Round "2"]
[White "Smith, Axel"]
[Black "Storme, Isak"]
[Result "1/2-1/2"]
[WhiteElo "2473"]
[BlackElo "2037"]
[PlyCount "134"]
[EventDate "2021.11.14"]
[EventType "swiss (blitz)"]
[EventRounds "13"]
[EventCountry "SWE"]
[SourceTitle "EXT 2024"]
[Source "ChessBase"]
[SourceDate "2023.10.10"]
[SourceVersion "1"]
[SourceVersionDate "2023.10.10"]
[SourceQuality "1"]

1. e4 e6 2. d4 d5 3. exd5 exd5 4. Nf3 Nf6 5. Bd3 c5 6. 0-0 c4 7. Re1+ Be7 8. Bf1 0-0 9. b3 cxb3 10. axb3 Nc6 11. Bd3 Bg4 12. c3 a6 13. Nbd2 Bd6 14. Nf1 Qc7 15. h3 Bh5 16. Bg5 Nd7 17. Ne3 Nb6 18. Nf5 Bg6 19. N3h4 Rfe8 20. Qf3 Bf8 21. Bf4 Qd7 22. g4 Rxe1+ 23. Rxe1 Re8 24. Rxe8 Qxe8 25. Nxg6 hxg6 26. Ne3 Qd7 27. Qg3 Na5 28. b4 Nac4 29. Nxc4 Nxc4 30. Qf3 Qc6 31. Kg2 b6 32. h4 a5 33. bxa5 bxa5 34. h5 gxh5 35. gxh5 a4 36. Bc1 a3 37. Bxc4 Qxc4 38. h6 gxh6 39. Qg4+ Kh7 40. Qf5+ Kg7 41. Qg4+ Kh8 42. Qf3 a2 43. Qxf7 Bg7 44. Bb2 Qb3 45. Ba1 Qb1 46. Qxd5 Qxa1 47. Qa8+ Kh7 48. Qe4+ Kg8 49. Qe6+ Kf8 50. Qd6+ Kf7 51. Qd7+ Kg6 52. Qe6+ Bf6 53. Qe4+ Kf7 54. Qd5+ Ke7 55. Qc5+ Ke8 56. Qc6+ Kf7 57. Qd5+ Kg7 58. Qb7+ Kh8 59. Qa8+ Kh7 60. Qe4+ Kg7 61. Qb7+ Kg6 62. Qe4+ Kf7 63. Qd5+ Ke7 64. Qb7+ Kd8 65. Qb8+ Kd7 66. Qb7+ Ke8 67. Qc6+ Ke7 1/2-1/2

[Event "SWE-chT Lag SM"]
[Site "Stockholm"]
[Date "2021.10.22"]
[Round "1.2"]
[White "Smith, Axel"]
[Black "Neiksans, Arturs"]
[Result "1/2-1/2"]
[WhiteElo "2435"]
[BlackElo "2570"]
[PlyCount "129"]
[EventDate "2021.10.22"]
[EventType "team-tourn"]
[EventRounds "3"]
[EventCountry "SWE"]
[SourceTitle "CBM 204 Extra"]
[Source "ChessBase"]
[SourceDate "2021.11.30"]
[SourceVersion "1"]
[SourceVersionDate "2021.11.30"]
[SourceQuality "1"]
[WhiteTeam "Lunds"]
[BlackTeam "Stockholm Rochaden"]
[WhiteTeamCountry "SWE"]
[BlackTeamCountry "SWE"]

1. d4 Nf6 2. c4 e6 3. Nc3 Bb4 4. f3 0-0 5. a3 Bxc3+ 6. bxc3 c5 7. e4 Nc6 8. e5 Ne8 9. f4 b6 10. Nf3 Ba6 11. Bd3 f5 12. d5 Na5 13. Qe2 d6 14. dxe6 dxe5 15. fxe5 Qe7 16. g4 Qxe6 17. gxf5 Rxf5 18. Ng5 Rxg5 19. Bxg5 Bxc4 20. 0-0 Nc7 21. Rae1 Re8 22. Rf4 b5 23. Rh4 h6 24. Bc1 Bxd3 25. Qxd3 Nc4 26. Qg3 Kh8 27. Rg4 Qd7 28. Rge4 Re6 29. a4 a6 30. axb5 axb5 31. h3 Qf7 32. Kh2 Ra6 33. R4e2 Ne6 34. Rf2 Qh5 35. Qg2 Qe8 36. Qe4 Ra7 37. Ref1 Rd7 38. Kh1 Rc7 39. Kh2 Rd7 40. Rg2 Qb8 41. Kh1 Qe8 42. Rgf2 Kg8 43. Kg2 Re7 44. Kh2 Qb8 45. Kg1 Qb7 46. Qxb7 Rxb7 47. Ra2 Rb6 48. Ra8+ Kh7 49. Rc8 Nxe5 50. Be3 Rd6 51. Bxc5 Rd3 52. Re8 Nxc5 53. Rxe5 Rxc3 54. Kh2 b4 55. Re7 Rc2+ 56. Kg3 Rc3+ 57. Kh2 Rc2+ 58. Kg3 Kg6 59. Rf4 b3 60. Rg4+ Kf6 61. Rgxg7 b2 62. Rgf7+ Kg6 63. Rg7+ Kf6 64. Rgf7+ Kg6 65. Rg7+ 1/2-1/2

[Event "SWE-chT Group 4 Qualifier"]
[Site "Lund"]
[Date "2021.10.03"]
[Round "3.4"]
[White "Agrest, Inna"]
[Black "Smith, Axel"]
[Result "1-0"]
[WhiteElo "2249"]
[BlackElo "2435"]
[PlyCount "81"]
[EventDate "2021.10.01"]
[EventType "team-tourn"]
[EventRounds "3"]
[EventCountry "SWE"]
[SourceTitle "CBM 204 Extra"]
[Source "ChessBase"]
[SourceDate "2021.11.30"]
[SourceVersion "1"]
[SourceVersionDate "2021.11.30"]
[SourceQuality "1"]
[WhiteTeam "Pelaro Alingaas"]
[BlackTeam "Lunds"]
[WhiteTeamCountry "SWE"]
[BlackTeamCountry "SWE"]

1. e4 c5 2. Nf3 e6 3. d4 cxd4 4. Nxd4 a6 5. Bd3 g6 6. 0-0 Bg7 7. c3 Ne7 8. Qe2 0-0 9. Nd2 e5 10. N4b3 d5 11. a4 Nbc6 12. Rd1 Qc7 13. Nf1 dxe4 14. Bxe4 f5 15. Bc2 e4 16. a5 Kh8 17. Be3 Qe5 18. Bc5 Be6 19. Bd6 Qf6 20. Nc5 Ne5 21. Nxb7 Nd5 22. Ne3 Nf4 23. Qf1 Rfc8 24. Nc5 Bg8 25. Ra4 g5 26. Rb4 g4 27. Bxe5 Qxe5 28. Nd7 Qe6 29. Nb6 Nd3 30. Bxd3 exd3 31. Nxc8 Rxc8 32. Qxd3 Rf8 33. Rb6 Qf7 34. Qd7 Qh5 35. g3 f4 36. Qxg4 Bf7 37. Qxf4 Bb3 38. Rb8 Qc5 39. Rxf8+ Bxf8 40. Qd4+ Kg8 41. Qxc5 1-0

[Event "EU-Cup 36th"]
[Site "Struga"]
[Date "2021.09.22"]
[Round "5.1"]
[White "Kjartansson, Gudmundur"]
[Black "Smith, Axel"]
[Result "1-0"]
[WhiteElo "2447"]
[BlackElo "2451"]
[PlyCount "81"]
[EventDate "2021.09.18"]
[EventType "team-swiss"]
[EventRounds "7"]
[EventCountry "MKD"]
[SourceTitle "CBM 204 Extra"]
[Source "ChessBase"]
[SourceDate "2021.11.30"]
[SourceVersion "1"]
[SourceVersionDate "2021.11.30"]
[SourceQuality "1"]
[WhiteTeam "Reykjavik"]
[BlackTeam "Lunds"]
[WhiteTeamCountry "ISL"]
[BlackTeamCountry "SWE"]

1. c4 e5 2. g3 Nf6 3. Bg2 c6 4. d4 exd4 5. Qxd4 Na6 6. Nc3 Bc5 7. Qe5+ Be7 8. Nf3 0-0 9. 0-0 Re8 10. Qf4 Bb4 11. Bd2 Nc5 12. a3 Bxc3 13. Bxc3 Nce4 14. Bd4 d5 15. cxd5 Nxd5 16. Qc1 Qe7 17. Nd2 Bf5 18. Nxe4 Bxe4 19. f3 Bg6 20. e4 Nc7 21. b4 f6 22. Re1 Nb5 23. Bb2 Qe6 24. Bf1 Bf7 25. a4 Nc7 26. b5 Rac8 27. bxc6 Na6 28. Qe3 Rxc6 29. Bb5 Rc2 30. Bxe8 Bxe8 31. Re2 Nb4 32. Rc1 Rxc1+ 33. Bxc1 Qc4 34. Rb2 Nd3 35. Rxb7 Nxc1 36. Qxa7 Qd4+ 37. Qxd4 Ne2+ 38. Kf2 Nxd4 39. a5 Bc6 40. Rb6 Bb5 41. a6 1-0

[Event "Malmo Torso"]
[Site "Malmo"]
[Date "2021.08.22"]
[Round "12"]
[White "Pantzar, Milton"]
[Black "Smith, Axel"]
[Result "1-0"]
[WhiteElo "2424"]
[BlackElo "2451"]
[PlyCount "83"]
[EventDate "2021.08.21"]
[EventType "tourn (rapid)"]
[EventRounds "18"]
[EventCountry "SWE"]
[EventCategory "11"]
[SourceTitle "CBM 203 Extra"]
[Source "ChessBase"]
[SourceDate "2021.09.30"]
[SourceVersion "1"]
[SourceVersionDate "2021.09.30"]
[SourceQuality "1"]

1. d4 Nf6 2. c4 c5 3. d5 b5 4. cxb5 a6 5. e3 e6 6. dxe6 fxe6 7. Nf3 d5 8. Nc3 Bd6 9. e4 Be7 10. e5 Nfd7 11. Bd3 0-0 12. h4 Qe8 13. Ng5 Bxg5 14. hxg5 g6 15. f4 Bb7 16. 0-0 Qe7 17. Kh2 axb5 18. Nxb5 Nc6 19. Be3 Ba6 20. a4 Nb4 21. Be2 Rfb8 22. b3 Rf8 23. Rc1 d4 24. Bd2 Nd5 25. Bc4 N7b6 26. Bd3 Rab8 27. Qc2 Rbc8 28. g4 Ne3 29. Bxe3 dxe3 30. Nd6 Bxd3 31. Qxd3 Nd5 32. Nxc8 Rxc8 33. Kg3 Qb7 34. Rc4 Nb6 35. Re4 Nd5 36. f5 gxf5 37. gxf5 exf5 38. Rxf5 Re8 39. e6 Qc7+ 40. Kh3 Ne7 41. Rf7 Rd8 42. Rd4 1-0

[Event "Malmo Torso"]
[Site "Malmo"]
[Date "2021.08.21"]
[Round "2"]
[White "Blomqvist, Erik"]
[Black "Smith, Axel"]
[Result "1-0"]
[WhiteElo "2537"]
[BlackElo "2451"]
[PlyCount "65"]
[EventDate "2021.08.21"]
[EventType "tourn (rapid)"]
[EventRounds "18"]
[EventCountry "SWE"]
[EventCategory "11"]
[SourceTitle "CBM 203 Extra"]
[Source "ChessBase"]
[SourceDate "2021.09.30"]
[SourceVersion "1"]
[SourceVersionDate "2021.09.30"]
[SourceQuality "1"]

1. e4 c5 2. Nf3 g6 3. c3 Bg7 4. d4 cxd4 5. cxd4 d5 6. e5 Nh6 7. Bb5+ Bd7 8. Bxd7+ Qxd7 9. 0-0 0-0 10. Nc3 Nc6 11. Re1 e6 12. Bf4 f6 13. exf6 Rxf6 14. Ne5 Nxe5 15. Bxe5 Rf7 16. Bxg7 Kxg7 17. Qe2 Rf6 18. Rad1 Raf8 19. f3 Nf5 20. Qe5 Nd6 21. Re2 a6 22. Rde1 Kg8 23. Nd1 Nc4 24. Qg5 Qg7 25. b3 Nd6 26. Nf2 Rf5 27. Qd2 Nb5 28. Rxe6 Qxd4 29. Qh6 Nc3 30. Re7 R5f7 31. Rxf7 Kxf7 32. Qxh7+ Kf6 33. Qe7+ 1-0